Trí tuệ xúc cảm ứng dụng trong công việc

Sách gồm 5 phần: Phần 1: Đằng sau sự tinh thông. Phần 2: Làm chủ bản thân. Phần 3: Kỹ năng xã hội. Phần 4: Mô hình học tập mới. Phần 5: Trí tuệ cảm xúc trong tổ chức.

Na minha lista:
Detalhes bibliográficos
Autor principal: Goleman, Daniel
Formato: Livro
Idioma:Undetermined
Publicado em: Hà Nội Tri Thức 2007
Assuntos:
Tags: Adicionar Tag
Sem tags, seja o primeiro a adicionar uma tag!
Thư viện lưu trữ: Trung tâm Học liệu Trường Đại học Cần Thơ
LEADER 00888nam a2200205Ia 4500
001 CTU_128666
008 210402s9999 xx 000 0 und d
020 |c 64000 
082 |a 650.1 
082 |b G625 
100 |a Goleman, Daniel 
245 0 |a Trí tuệ xúc cảm ứng dụng trong công việc 
245 0 |c Danel Goleman ; Phương Thuý, Minh Phương, Phương Linh (dịch) 
260 |a Hà Nội 
260 |b Tri Thức 
260 |c 2007 
520 |a Sách gồm 5 phần: Phần 1: Đằng sau sự tinh thông. Phần 2: Làm chủ bản thân. Phần 3: Kỹ năng xã hội. Phần 4: Mô hình học tập mới. Phần 5: Trí tuệ cảm xúc trong tổ chức. 
650 |a Psychology, applied,Success in business 
904 |i Hiếu 
980 |a Trung tâm Học liệu Trường Đại học Cần Thơ